00894 a2200205 45000010006000000050017000060080041000230030015000640400040000790800031001192450063001502500012002132640047002253000019002725050308002910410008005991000030006077000028006377000023006654199020260407155710.0260407a1970 arg spa dAR-UNSa-BCEJYS aAR-UNSa-BCEJYSbspacAR-UNSa-BCEJYS a330xEconomía en general10aIntroducción a la economíapun enfoque estructuralista a3a. ed. 1aMéxico :bSiglo Veintiuno editoresc1970 a164 p.c20 cm. a1. El sistema económico - 2. El sistema económico - 3. La circulación en el sistema económico - 4. Relaciones con el exterior - 5. El sector público - 6. El sistema monetario-financiero - 7. La unidad productora en el sistema económico - 8. El reparto del producto en el sistema económico  aspa1 aBarros de Castro, Antonio1 aLessa, Carlos Francisco1 aColombani, Claudio